000 00295nam a2200109Ia 4500
008 220204s9999 xx 000 0 und d
082 _a633.2.03
_bMCI
100 _aMcilroy, R J
245 0 _aIntroduction ot tropical grassland husbandry
260 _aLondon
_bOxford Univ Press
_c1964
942 _cBK
999 _c21856
_d21856